| 000 | 00604nam a22001817a 4500 | ||
|---|---|---|---|
| 020 | _a9789350905302 | ||
| 082 |
_a612.015 _bVAS |
||
| 100 |
_aVasudevan, D. M. _9113532 |
||
| 245 |
_aTextbook of Biochemistry for Medical Students / _cD. M. Vasudevan; Sreekumari S.; Kannan Vaidyanathan |
||
| 250 | _a7th Edition. | ||
| 260 |
_aNew Delhi : _bJaypee Brothers Medical Publishers, _c2013. |
||
| 300 |
_a791 p. ; _bill, _c27 cm. |
||
| 563 | _aPBK. | ||
| 650 |
_aBiochemistry _92455 |
||
| 650 |
_aClinical biochemistry _93417 |
||
| 650 |
_aBiochemistry--Study and teaching (Higher) _9113533 |
||
| 942 |
_2ddc _cBK |
||
| 999 |
_c595206 _d595206 |
||